Fields: On the Visibility of Flows in Digital Business

Tradičné nástroje na investovanie a riadenie nedokážu zachytiť zložitosť sieťového digitálneho podnikania: SWOT analýza je statická, účtovné pomery sú jednorozmerné. Poukázanie na to, ako môže topológia vektorových polí skutočne odhaliť zmeny v likvidite v on-line podnikoch s okamžitými aplikáciami...

Descrizione completa

Salvato in:
Dettagli Bibliografici
Autore principale: Krabec, Tomáš
Altri autori: Venegas, Percy
Natura: Capitolo di libro
Lingua:inglese
Soggetti:
Tags: Aggiungi Tag
Nessun Tag, puoi essere il primo ad aggiungerne!!

MARC

LEADER 00000nla a2200000 4500
001 0242353
005 20240416112111.6
041 0 |a eng 
044 |a CZ 
245 1 0 |a Fields: On the Visibility of Flows in Digital Business  |c Tomáš Krabec, Percy Venegas 
520 |a Tradičné nástroje na investovanie a riadenie nedokážu zachytiť zložitosť sieťového digitálneho podnikania: SWOT analýza je statická, účtovné pomery sú jednorozmerné. Poukázanie na to, ako môže topológia vektorových polí skutočne odhaliť zmeny v likvidite v on-line podnikoch s okamžitými aplikáciami vo finančných operáciách a vyhľadávaní na trhu. 
610 2 0 |a značky 
610 2 0 |a značky výrobkov 
610 2 0 |a modely 
610 2 0 |a programovanie 
610 2 0 |a digitalizácia 
610 2 0 |a mikroekonomika 
610 2 0 |a podnikanie 
610 2 0 |a podnikanie elektronické 
610 2 0 |a technológie nové 
100 1 |a Krabec, Tomáš 
700 1 |a Venegas, Percy